000 00900nam a22002057a 4500
999 _c19709
_d19709
003 AR-CdUCM
008 190520b ||||| |||| 00| 0 spa d
040 _aMUNICIPALIDAD PROVINCIAL DEL CUSCO
_cBIBLIOTECA MUNICIPAL DEL CUSCO
082 _a376.3 /
_bG55
100 _aGlasser, Joyce Fern
_941223
245 _aEl centro de estudio independiente en las escuelas primarias /
260 _aBuenos Aires :
_bEdit. Guadalupe,
_c1975.
300 _a208 páginas ;
_c23 cm.
505 _aContenido: Como preparar la base solida para el centro de aprendizaje -- Como evaluar la madurez de un escuela para incorporar un centro de aprendizaje -- Como preparar un centro de aprendizaje para el estudio independiente...
650 _aEscuelas y colegios
_94927
650 _aEducación primaria
_91561
650 _aProblemática de la educación
_941224
942 _2ddc
_cLIBROS
945 _adavv
_d2019-05-20